000 00496nam a2200169 i 4500
001 56939
003 ES-MaACL
005 20230906163459.0
007 t|
008 031014s1915 fr ||||1| fre d
100 1 _aDiehl, Charles (
_d1859-1914)
_944588
245 1 4 _aUne république patricienne
_b: Venise /
_cCharles Diehl.
260 _aParís :
_b[s.n.,
_c1915] (
_fHemmerlé et Cie.)
300 _aVIII, 316 p. ;
_c19 cm.
651 4 _aVenecia-
_xHistoria.
_99515
852 _aES-MaACL
_jF-6168
999 _c56939
_d56939